000 00479 a2200181 4500
020 _a0201347741
040 _aLibrary of Congress
_bEnglish
082 _a512.5
100 1 _aLay, David C.
245 0 0 _aLinear algebra and its applications : Study guide
250 _a2nd
260 _aReading, Mass. :
_bAddison-Wesley,
_cCop. 2000
300 _ax, ca 300 s.
650 7 _aAlgebras, Linear
650 7 _aLinjr algebra
740 0 _aStudy guide
942 _cBK
_k512.5 LAY
_2ddc
999 _c7971
_d7971